书目信息 |
| 题名: |
可持续的食物规划 : 理论及实践的演变= Sustainable food planning : evolving theory and practice
|
|
| 作者: | 安德烈·维尤恩 , 约翰尼斯·威斯柯克编者 ;高宁 , 杨晨冉 , 王虹 译 | |
| 分册: | ||
| 出版信息: | 北京 中国建筑工业出版社 2018.07 |
|
| 页数: | 511页 | |
| 开本: | 20cm | |
| 丛书名: | ||
| 单 册: | ||
| 中图分类: | F304.5 | |
| 科图分类: | ||
| 主题词: | 农业经济学 | |
| 电子资源: | ||
| ISBN: | 978-7-112-21783-0 | |
| 000 | 01053nam0 2200241 45 | |
| 001 | 1929800720 | |
| 005 | 20190312081758.53 | |
| 010 | @a978-7-112-21783-0@dRMB 98.00 | |
| 100 | @a20190312d2018 km y0chiy0120 ea | |
| 101 | 0 | @achi |
| 102 | @aCN@b110000 | |
| 200 | 1 | @a可持续的食物规划 : 理论及实践的演变= Sustainable food planning : evolving theory and practice@Ake chi xu de shi wu gui hua:li lun ji shi jian de yan bian=Sustainable food planning:evolving theory and practice@f安德烈·维尤恩, 约翰尼斯·威斯柯克编者 ; 高宁, 杨晨冉, 王虹译@Fan de lie·wei you en,yue han ni si·wei si ke ke bian zhe;gao ning,yang chen ran,wang hong yi |
| 210 | @a北京@c中国建筑工业出版社@d2018.07 | |
| 215 | @a511页@d20cm | |
| 606 | 0 | @a农业经济学 |
| 690 | @aF304.5@v4 | |
| 701 | 0 | @a安德烈·维尤恩@Aan de lie·wei you en |
| 701 | 0 | @a约翰尼斯·威斯柯克编者@Ayue han ni si·wei si ke ke bian zhe |
| 702 | 0 | @a高宁@Agao ning@4译 |
| 702 | 0 | @a杨晨冉@Ayang chen ran@4译 |
| 702 | 0 | @a王虹@Awang hong@4译 |
| 801 | 0 | @aCN@bPFT@c20190312 |
| 905 | @a10447@dF304.5@eA491 | |
| 可持续的食物规划 : 理论及实践的演变= Sustainable food planning : evolving theory and practice/安德烈·维尤恩, 约翰尼斯·威斯柯克编者 ; 高宁, 杨晨冉, 王虹译.-北京:中国建筑工业出版社,2018.07 |
| 511页;20cm |
| ISBN 978-7-112-21783-0:RMB 98.00 |
| ● |
| 相关链接 |
|
|
|
正题名:可持续的食物规划 : 理论及实践的演变= Sus
索取号:F304.5/A491
 
预约/预借
| 序号 | 登录号 | 条形码 | 馆藏地/架位号 | 状态 | 备注 |
| 1 | 1244821 | 212448216 | 社科库409/409社科库 32排5列5层/ [索取号:F304.5/A491] | 在馆 |